000 01756nam a2200241 a 4500
001 BS0002930
003 BR-BrBNA
005 20230824161538.0
008 230308b |||||||| |||| 00| 0 por d
040 _aBR-BrBNA
_bpor
_cBiblioteca Nacional de Agricultura
041 _apor
072 _aS03
090 _aS03 BS0002930
100 1 _aRosa, Carlos Augusto de Proença.
245 1 _aHistória da Ciência: a ciência moderna /
250 1 _a2. ed.
260 3 _aBrasília, DF:
_bFundação Alexandre Gusmão.,
_c2012.
300 _a403 p.
520 3 _aO advento e os avanços da Ciência Moderna do início do século XVII ao final do XIX estão tratados em dois tornos. Neste tomo 1 (século XVII e XVIII)merece especial referência o capítulo sobre as bases da Ciência Moderna, em especial a formulação da metodologia (Bacon, Galileu, Descartes e Newton)científica, indispensável fundamento para o surgimento do pensamento científico, o qual será o responsável pelo desenvolvimento da Ciência em bases firmes. O autor insiste em várias passagens sobre essa íntima relação da evolução do pensamento científico e o avanço das pesquisas nos diversos ramos da Ciência. Nesses dois séculos, a Matemática (Logaritmo, Cálculo, Geometria Analítica), a Astronomia (Mecânica Celeste, Sistema Solar), a Física (Mecânica, óptica, Eletricidade)e a Química (Nomenclatura, Conservação da matéria, Leis)se firmariam como ramos estruturados da Ciência, enquanto a História Natural (Biologia Humana, Circulação sanguínea, Fisiologia)expandiria a área de pesquisa, iniciando o processo de desmistificação de várias teorias sem sustentação científica.
650 _aCIÊNCIAS
650 _aHISTÓRIA
942 _cBK
_2AGRIS
999 _c7991
_d7991